00673nam a2200241 a 4500001001300000003000900013005001700022008004100039020001000080082001800090100002000108245002400128260003400152300000900186500003500195505001700230650001500247700002000262902000800282942000700290952011900297999001500416nice12345678IN_TiNIC20260116012932.0050524s1335 teha grp 000 0 per  ac10000a297.0955bKHA aKhaleeli, Abbas aIran Baad Az Islam. aTehranbDanishgah Pressc1335 a320p aincludes index and biblioraphy2 aBibliography aIslam-Iran1 aKhaleeli, Abbas bSRS cBK 001040708StackRoom-aHMIbHMId2007-07-26g100.00l0o297.0955 KHAp013908r2007-07-26v100.00w2005-05-24yBK c8959d8959